书目信息 |
| 题名: |
中草药家庭治疗
|
|
| 作者: | 王薇 编著 | |
| 分册: | 呼吸系统病 | |
| 出版信息: | 上海 上海远东出版社 2000 |
|
| 页数: | 170页 | |
| 开本: | 19cm | |
| 丛书名: | 东方保健系列 | |
| 单 册: | ||
| 中图分类: | R243 , R259.6 | |
| 科图分类: | ||
| 主题词: | 常见病--中药疗法 , 呼吸系统疾病--中药疗法 , 常见病 , 中药疗法 , 呼吸系统疾病 | |
| 电子资源: | ||
| ISBN: | 7-80661-233-5 | |
| 000 | 00900oam2 2200301 450 | |
| 001 | 1536452563 | |
| 005 | 20150130100811.06 | |
| 010 | @a7-80661-233-5@dCNY8.00 | |
| 100 | @a20010308d2000 em y0chiy0110 ea | |
| 101 | 0 | @achi |
| 102 | @aCN@b310000 | |
| 105 | @ay z 000yy | |
| 200 | 1 | @a中草药家庭治疗@9zhong cao yao jia ting zhi liao@i呼吸系统病@f王薇编著 |
| 210 | @a上海@c上海远东出版社@d2000 | |
| 215 | @a170页@d19cm | |
| 225 | 2 | @a东方保健系列 |
| 330 | @a本书内容包括:上呼吸道感染、慢性咽炎、支气管哮喘、细菌性肺炎、病毒性肺炎、肺结核、肺癌、结核性干性胸膜炎等。 | |
| 461 | 0 | @12001 @a东方保健系列 |
| 606 | 0 | @a常见病@x中药疗法 |
| 606 | 0 | @a呼吸系统疾病@x中药疗法 |
| 606 | 0 | @a常见病 |
| 606 | 0 | @a中药疗法 |
| 606 | 0 | @a呼吸系统疾病 |
| 690 | @aR243@v5 | |
| 690 | @aR259.6@v5 | |
| 701 | 0 | @a王薇@9wang wei@4编著 |
| 801 | 0 | @aCN@bTSSF@c20150130 |
| 905 | @aZUCC@dR243@eJY160 | |
| 中草药家庭治疗.呼吸系统病/王薇编著.-上海:上海远东出版社,2000 |
| 170页;19cm.-(东方保健系列) |
| ISBN 7-80661-233-5:CNY8.00 |
| 本书内容包括:上呼吸道感染、慢性咽炎、支气管哮喘、细菌性肺炎、病毒性肺炎、肺结核、肺癌、结核性干性胸膜炎等。 |
| ● |
| 相关链接 |
|
|
|
|
正题名:中草药家庭治疗
索取号:R243/JY160
 
预约/预借
| 序号 | 登录号 | 条形码 | 馆藏地/架位号 | 状态 | 备注 |
| 1 | 7861573 | 278615731 | 学院路分馆/ [索取号:R243/JY160] | 在馆 | |
| 2 | 7861574 | 278615740 | 学院路分馆/ [索取号:R243/JY160] | 在馆 |